Computer networks / (Record no. 337)

MARC details
000 -LEADER
fixed length control field 00564cam a2200193 4500
001 - CONTROL NUMBER
control field 382
005 - DATE AND TIME OF LATEST TRANSACTION
control field 20220427114429.0
008 - FIXED-LENGTH DATA ELEMENTS--GENERAL INFORMATION
fixed length control field 020703s2003 njua b 001 0 eng
010 ## - LIBRARY OF CONGRESS CONTROL NUMBER
LC control number 2002029263
020 ## - INTERNATIONAL STANDARD BOOK NUMBER
International Standard Book Number 0130661023
100 1# - MAIN ENTRY--PERSONAL NAME
Personal name Tanenbaum, Andrew S.,
Dates associated with a name 1944-
245 10 - TITLE STATEMENT
Title Computer networks /
Statement of responsibility, etc. Andrew S. Tanenbaum.
250 ## - EDITION STATEMENT
Edition statement 4th ed.
260 ## - PUBLICATION, DISTRIBUTION, ETC.
Place of publication, distribution, etc. Noida:
Name of publisher, distributor, etc. Pearson Education,
Date of publication, distribution, etc. 2003.
300 ## - PHYSICAL DESCRIPTION
Extent xx, 891 p. :
Other physical details ill. ;
Dimensions 25 cm.
504 ## - BIBLIOGRAPHY, ETC. NOTE
Bibliography, etc. note Includes bibliographical references (p. 835-868) and index.
650 #0 - SUBJECT ADDED ENTRY--TOPICAL TERM
Topical term or geographic name entry element Computer networks.
942 ## - ADDED ENTRY ELEMENTS (KOHA)
Source of classification or shelving scheme Dewey Decimal Classification
Koha item type Main
Holdings
Withdrawn status Lost status Source of classification or shelving scheme Damaged status Not for loan Collection code Home library Current library Shelving location Date acquired Serial Enumeration / chronology Inventory number Full call number Barcode Date last seen Copy number Price effective from Koha item type Total Checkouts Date last checked out
    Dewey Decimal Classification     Main TEST RTC Library RTC Library Main opac 27/04/2022 4014 004.6 TAN 2003 c.3 30002470 27/11/2018 3 27/11/2018 Main    
    Dewey Decimal Classification     Main TEST RTC Library RTC Library Main opac 27/04/2022 5527 004.6 TAN 2003 c.1 30004572 27/11/2018 1 27/11/2018 Main    
    Dewey Decimal Classification     Main TEST RTC Library RTC Library Main opac 23/08/2021 5528 004.6 TAN 2003 c.2 30004562 07/09/2021 2 27/11/2018 Main 1 23/08/2021
Royal Thimphu College || All Right Reserved